Z
Guardado en:
| Autor Principal: | |
|---|---|
| Formato: | Libro |
| Publicado: |
Buenos Aires :
Sudamericana,
1971
|
| Series: | Colección Horizonte ; No. 1
|
| Etiquetas: |
Agregar Etiqueta
Sin Etiquetas, Sea el primero en etiquetar este registro!
|
| LEADER | 00424nam a22001575a 4500 | ||
|---|---|---|---|
| 001 | CEM.cems006458 | ||
| 005 | 20060214000000.0 | ||
| 008 | 130507s1971##################000#0#####d | ||
| 003 | CEMS | ||
| 082 | 0 | 4 | |a 889.3 |
| 100 | 1 | |a Vassilikos, Vassilis | |
| 245 | 1 | 0 | |a Z |
| 260 | |a Buenos Aires : |b Sudamericana, |c 1971 | ||
| 300 | |a 441 p. | ||
| 490 | 0 | |a Colección Horizonte ; No. 1 | |
| 859 | |a CEMS |b BIB. CEMS - 11 de abril |h 889.3 |i V448 |p 15290.88 |t Ej.1 | ||
